| 000 | 00599nam a2200193 a 4500 | ||
|---|---|---|---|
| 001 | 938 | ||
| 003 | CO-ViMGA | ||
| 008 | 141112s2004 ck r 000 u spa d | ||
| 040 |
_aCO-ViMGA _bspa _cCO-ViMGA |
||
| 082 | 0 | 4 | _a364 C322 |
| 100 | 1 |
_aCescaldi, Piere Fernand _948931 |
|
| 245 | 1 | 0 | _aLa criminología |
| 260 |
_aBarcelona : _bOikos - tau, _c1971 |
||
| 300 | _a123 p | ||
| 490 | _aQue se?, 49 | ||
| 505 | _aMetodo y metodos 13 - - Filiación e identificación 33 - - Manchas y huellas 47 - - Tiros 69 - - Fuegos 87 - - Falsificaciones 98 | ||
| 650 | 1 | 4 |
_aCRIMINOLOGIA _948932 |
| 942 |
_2ddc _cBK |
||
| 999 |
_c13165 _d13165 |
||